| 000 | 00839cam a22002777a 4500 | ||
|---|---|---|---|
| 003 | CHAP | ||
| 005 | 20220329141636.0 | ||
| 008 | 971013s r 00010 d | ||
| 010 | _a71524 | ||
| 011 | _a72496 | ||
| 035 | _a82051 | ||
| 040 | _cCHAP | ||
| 090 | _aR-3331 | ||
| 100 | 0 | 0 |
_aDavis, C. H. _931248 |
| 245 | 0 | _aNew developments in fertilizer technology | |
| 500 | _aSobretiro de : Phosphorus in Agriculture 65 : 27-33, 1975 | ||
| 590 |
_aBATCH-UPD _b10 _c20130110 _lUCH01 _h0446 |
||
| 590 |
_aBATCH-UPD _b10 _c20130410 _lUCH01 _h0122 |
||
| 590 |
_aBATCH-UPD _b10 _c20130914 _lUCH01 _h1137 |
||
| 590 |
_aCONVERSION _b10 _c20130109 _lUCH01 _h1339 |
||
| 650 | 1 | 4 |
_aFertilizantes fosfatados. _940592 |
| 650 | 1 | 4 |
_aFertilizantes lĂquidos. _940593 |
| 901 | _aBK | ||
| 942 | _cREIMP | ||
| 949 |
_aR-3331 _bBC _cR _d-35863 _eTS1 _i82051 _mD _si |
||
| 999 |
_c71524 _d71524 |
||